<?xml version="1.0" encoding="UTF-8"?>
<record
    xmlns:xsi="http://www.w3.org/2001/XMLSchema-instance"
    xsi:schemaLocation="http://www.loc.gov/MARC21/slim http://www.loc.gov/standards/marcxml/schema/MARC21slim.xsd"
    xmlns="http://www.loc.gov/MARC21/slim">

  <leader>00846nam a2200169 i 4500</leader>
  <controlfield tag="001">83281</controlfield>
  <controlfield tag="003">ES-MaACL</controlfield>
  <controlfield tag="007">t|</controlfield>
  <controlfield tag="008">041116m19721979xxu          ||||1| eng d</controlfield>
  <datafield tag="245" ind1="0" ind2="0">
    <subfield code="a">International Encyclopedia of the Social Sciences / </subfield>
    <subfield code="c">David L. Sills, editor.</subfield>
  </datafield>
  <datafield tag="250" ind1=" " ind2=" ">
    <subfield code="a">[Reprint ed. complete and unabridge].</subfield>
  </datafield>
  <datafield tag="260" ind1=" " ind2=" ">
    <subfield code="a">New York : </subfield>
    <subfield code="b">Macmillan and C&#xBA; : </subfield>
    <subfield code="b">The Free Press ; </subfield>
    <subfield code="a">London :</subfield>
    <subfield code="b">Collier-Macmillan,</subfield>
    <subfield code="c">1972-1979.</subfield>
  </datafield>
  <datafield tag="300" ind1=" " ind2=" ">
    <subfield code="a">9 v. (18 t.) ; </subfield>
    <subfield code="c">26 cm.</subfield>
  </datafield>
  <datafield tag="505" ind1="8" ind2=" ">
    <subfield code="a">Contiene: V.I (t.1-2): Abil-Coll. -- V.II (t.3-4): Colo-Elas. -- V.III (t.5-6): Elec-Hume. -- V.IV (t.7-8): Humo-Lang. -- V.V (t.9-10): Lang-Myth. -- V.VI (t.11-12): Nade Psyc. -- V.II (t.13-14): Psyc-Soci. --V.VIII (t.15-17): Soci-Zoos. -- V.IX (t.18): Bibliographical Supplement</subfield>
  </datafield>
  <datafield tag="700" ind1="1" ind2=" ">
    <subfield code="a">Sills, David L.</subfield>
    <subfield code="9">106353</subfield>
  </datafield>
  <datafield tag="852" ind1=" " ind2=" ">
    <subfield code="a">ES-MaACL</subfield>
    <subfield code="j">G-12055-63 </subfield>
    <subfield code="b">R.114980</subfield>
  </datafield>
  <datafield tag="999" ind1=" " ind2=" ">
    <subfield code="c">83281</subfield>
    <subfield code="d">83281</subfield>
  </datafield>
  <datafield tag="952" ind1=" " ind2=" ">
    <subfield code="0">0</subfield>
    <subfield code="1">0</subfield>
    <subfield code="4">0</subfield>
    <subfield code="7">0</subfield>
    <subfield code="a">ATENEOM</subfield>
    <subfield code="b">ATENEOM</subfield>
    <subfield code="c">SPP3</subfield>
    <subfield code="d">2008-01-17</subfield>
    <subfield code="e">SC</subfield>
    <subfield code="l">0</subfield>
    <subfield code="o">G-12055-63</subfield>
    <subfield code="p">1087045</subfield>
    <subfield code="r">2023-02-23 00:00:00</subfield>
    <subfield code="w">2023-02-23</subfield>
    <subfield code="y">MONOGRAFIA</subfield>
  </datafield>
</record>
